Statistiken für Städte in Sachsen-Anhalt

Klicken Sie hier um das Quiz zu spielen!

Allgemein

  • Dieses Quiz wurde 346 mal gespielt
    (172 seit der letzten Aktualisierung)
  • Das Durchschnittsergebnis liegt bei 15 aus 26

Antwortstatistiken

EinwohnerzahlAntwort% Korrekt
238.000Magdeburg
100%
239.000Halle (Saale)
98%
82.000Dessau-Roßlau
93%
46.000Lutherstadt Wittenberg
80%
40.000Stendal
80%
39.000Bitterfeld-Wolfen
72%
33.000Wernigerode
69%
41.000Halberstadt
62%
24.000Quedlinburg
61%
33.000Bernburg (Saale)
58%
26.000Köthen (Anhalt)
57%
28.000Aschersleben
55%
23.000Burg
55%
33.000Naumburg (Saale)
54%
34.000Merseburg
53%
24.000Salzwedel
53%
24.000Lutherstadt Eisleben
50%
41.000Weißenfels
49%
20.000Oschersleben (Bode)
44%
27.000Sangerhausen
43%
28.000Zeitz
43%
23.000Gardelegen
38%
31.000Schönebeck (Elbe)
37%
22.000Zerbst/Anhalt
35%
25.000Staßfurt
26%
20.000Blankenburg (Harz)
24%

Verteilung der Resultate

Perzentil nach korrekt beantworteten Fragen

Anzahl Personen mit jedem Resultat

Ihre Resultats-Entwicklung

Sie haben dieses Quiz seit der letzten Aktualisierung nicht gespielt